Pakistan -- overview, transport /
Saved in:
| Corporate Authors: | , |
|---|---|
| Format: | Map |
| Language: | English |
| Published: |
[Islamabad] :
OCHA,
2010.
|
| Subjects: | |
| Tags: |
Add Tag
No Tags, Be the first to tag this record!
|
| LEADER | 00997cem a2200325Ia 4500 | ||
|---|---|---|---|
| 001 | 012810745-6 | ||
| 005 | 20120202124505.0 | ||
| 008 | 110223s2010 pk a i 0 eng | ||
| 010 | |a 2011326510 | ||
| 034 | 1 | |a a |b 2000000 | |
| 035 | 0 | |a ocn704503443 | |
| 040 | |a DLC |c DLC |d CGU | ||
| 042 | |a lcode | ||
| 043 | |a a-pk--- | ||
| 052 | |a 7641 | ||
| 090 | |a G7641.P1 2010 |b .M3 | ||
| 110 | 2 | |a MapAction (Firm) | |
| 245 | 1 | 0 | |a Pakistan -- overview, transport / |c MapAction, OCHA. |
| 255 | |a Scale 1: 2,000,000. | ||
| 260 | |a [Islamabad] : |b OCHA, |c 2010. | ||
| 300 | |a 1 map : |b col. ; |c 60 x 92 cm. | ||
| 500 | |a Shows provincial and district boundaries. | ||
| 500 | |a "Glide number: FL-2010-000141-PAK." | ||
| 500 | |a "Projection/datum: WGS84." | ||
| 500 | |a "Creation date: 05 September 2010." | ||
| 650 | 0 | |a Transportation |z Pakistan |v Maps. | |
| 655 | 7 | |a Thematic maps. |2 lcgft | |
| 710 | 2 | |a United Nations. |b Office for the Coordination of Humanitarian Affairs. | |
| 988 | |a 20110621 | ||
| 906 | |0 DLC | ||


